Les pays plus grands que la France - Statistiques

Statistiques générales
  • Ce quiz a été pris 261 fois
  • Le résultat moyen est 3 sur 15
Answers on the Grid
Answers color-coded by a green-red scale on the quiz's grid according to % correct below.
Yémen
Madagascar
Thaïlande
Espagne
Ukraine
Turkménistan
Afghanistan
Kenya
Cameroun
Ouzbékistan
Somalie
Birmanie
Chili
Maroc
Égypte
Suède
Japon
Nigeria
Turquie
Pologne
Italie
Roumanie
Colombie
Norvège
Mali
Afrique du Sud
Finlande
Allemagne
Niger
Iran
 
Statistiques - réponses
Réponse % Correct
603 500 km2 Ukraine
56%
587 295 km2 Madagascar
37%
1 002 000 km2 Égypte
29%
1 628 750 km2 Iran
29%
652 864 km2 Afghanistan
27%
1 221 037 km2 Afrique du Sud
25%
780 004 km2 Turquie
25%
923 768 km2 Nigeria
18%
1 240 192 km2 Mali
17%
1 141 748 km2 Colombie
14%
1 267 000 km2 Niger
13%
756 102 km2 Chili
11%
637 657 km2 Somalie
11%
676 553 km2 Birmanie
10%
591 958 km2 Kenya
10%
Aucun quiz correspondant
Distribution des résultats
% des personnes avec chaque résultat
Percentile par nombre de réponses
Votre historique - résultats
Vous n’avez pas pris ce quiz